000 00329nam a2200145Ia 4500
005 20251222143203.0
008 251222s9999||||xx |||||||||||||| ||spa||
020 _a84-234-0614-8
082 _a658.154/M48
100 _aMeyer, Jean
245 0 _aGestión Presupuestaria
250 _a4a.ed.
264 _bDUESTO
942 _cLIB
999 _c13139
_d13139